02037cam a22003855i 4500999001700000001000900017003000400026005001700030008004100047020001500088020001800103040003900121082002300160100002600183245008200209246005400291250001200345264012300357300004700480336002100527337002500548338002300573490003400596500007100630500002000701504003100721505055700752650004401309650003701353650004101390653002301431700001701454942001201471952016801483 c27143d2711518360990OSt20201128024406.0141105r20142011enka frb 001 0 eng d a0857254499 a9780857254498 aDLCbengerdacDLCdDLCdEG-ScBUE 04a610.73014222bBAC1 aBach, Shirley,93629010aCommunication & interpersonal skills in nursing /cShirley Bach & Alec Grant.30aCommunication and interpersonal skills in nursing a2nd ed. 1aLondon :bLearning Matters / SAGE Publications, Ltd. ;aThousand Oaks, California :bSAGE Publications, Inc.,cc.2014. aviii, 160 pages :billustrations ;c25 cm. atext2rdacontent aunmediated2rdamedia avolume2rdacarrier0 aTransforming nursing practice a"Meeting the NMC standards and essential skills clusters."--Cover. aIncludes index. aBibliography : p. 177-187.0 aUnderstanding communication and interpersonal skills -- Evidence-based communication and interpersonal skills -- The safe and effective practice of communication and interpersonal skills -- Understanding potential barriers to the safe and effective practice of communication and interpersonal skills -- The learning and educational context of communication and interpersonal skills -- The environmental context of communication and interpersonal skills -- Population and diversity contexts of communication and interpersonal skills -- Beyond technique. 7aCommunication in nursing.2BUEsh942006 7aNurse and patient.2BUEsh912232 7aInterpersonal relations.2BUEsh9820 bNNURcFebruary20191 aGrant, Alec, 2ddccBB 00102ddc40708BaccahaMAINbMAINc1STd2019-02-13ePurchaseg203.00h21201l3o610.73014 BACp000044183r2025-07-15 00:00:00s2023-03-14v254.00w2019-02-13yBB